|
|
|
|
| LEADER |
00000nam a2200000 a 4500 |
| 001 |
vtls001071621 |
| 003 |
SK-MaSNL |
| 005 |
20260413122226.0 |
| 008 |
251031s1993 xo 0 slo |
| 015 |
|
|
|a SNBA1993/06
|
| 020 |
|
|
|a 8071200115
|
| 035 |
|
|
|a SNK000014452
|
| 040 |
|
|
|a SNK
|b slo
|c SNK
|e AACR2
|
| 041 |
0 |
|
|a slo
|
| 044 |
|
|
|a xo
|c SK
|
| 080 |
|
|
|a 821.112.2-3
|2 2001
|
| 080 |
|
|
|a 244
|2 1981
|
| 080 |
|
|
|a (0:82-32)
|2 2001
|
| 100 |
1 |
|
|a Schulte, Anton
|4 aut
|9 349326
|
| 240 |
1 |
0 |
|a Bei Gutermuts am Abend
|l Slovensky
|
| 245 |
1 |
0 |
|a Večer u Dobrovoľských
|c Anton Schulte ; Prekl. Marie Hrbková ; Graf. upr. Katarína Roháčková ; Ilustr. Walter Rieck
|
| 250 |
|
|
|a 1. vyd.
|
| 260 |
|
|
|a Stará Turá
|b Nádej
|c 1993
|e Prešov
|f Kušnír a spol.
|
| 300 |
|
|
|a s.
|c 20 cm
|
| 366 |
|
|
|e 10000 výt.
|
| 500 |
|
|
|a Pre čitateľov od 6 rokov. Sadzba: OPAL, s.r.o. PRINTCENTRUM
|
| 655 |
|
7 |
|a nemecké prózy
|2 SNKPH
|9 70663
|
| 655 |
|
7 |
|a príbehy
|2 SNKPH
|9 70507
|
| 700 |
1 |
|
|a Hrbková, Marie
|4 trl
|9 349327
|
| 700 |
1 |
|
|a Roháčková, Katarína
|4 bkd
|9 303611
|
| 700 |
1 |
|
|a Rieck, Walter
|4 ill
|9 349329
|
| 852 |
|
|
|a Slovenská národná knižnica
|
| 919 |
|
|
|a 80-7120-011-5
|
| 954 |
|
|
|a prózy príbehové
|a prózy didaktické
|
| 968 |
|
|
|b DT
|d Z nem. orig.
|
| 999 |
|
|
|c 963045
|d 964975
|
| 952 |
|
|
|t P60, <04>, [BOOK], {604}
|a SNK
|b SNK
|y VYP
|7 0
|p 17A0299366
|o snkSC 83743 D1
|i snkKSP 3858/93
|0 0
|1 0
|4 0
|d 2001-04-27
|l 0
|r 2004-12-31 00:00:00
|w 2026-02-24
|
| 952 |
|
|
|a SNK
|b SNK
|y PREZ
|7 0
|p 17A1009736
|o snkSC 83743
|0 0
|1 0
|4 0
|d 2012-08-17
|l 0
|r 2025-08-21 00:00:00
|w 2026-02-24
|